[Event "BAN-chT"]
[Site "Dhaka"]
[Date "2019.12.14"]
[Round "8.3"]
[White "Shawket Bin, Osman Shaon"]
[Black "Samrat, Ghorai"]
[Result "0-1"]
[WhiteElo "2006"]
[BlackElo "1861"]
[PlyCount "114"]
[EventDate "2019.12.07"]
[EventType "team-tourn"]
[EventRounds "11"]
[EventCountry "BAN"]
[SourceTitle "CBM 194 Extra"]
[Source "ChessBase"]
[SourceDate "2020.03.31"]
[SourceVersion "1"]
[SourceVersionDate "2020.03.31"]
[SourceQuality "1"]
[WhiteTeam "Sheikh Russel"]
[BlackTeam "Janata Bank Officer Welfare"]
[WhiteTeamCountry "BAN"]
[BlackTeamCountry "BAN"]

1. d4 d5 2. Nf3 e6 3. e3 Nf6 4. Bd3 Nbd7 5. 0-0 Bd6 6. b3 e5 7. Be2 c6 8. dxe5 Nxe5 9. Bb2 Nxf3+ 10. Bxf3 Qc7 11. h3 Bf5 12. Nd2 0-0-0 13. Rc1 h5 14. Qe2 Bh2+ 15. Kh1 Be5 16. Bxe5 Qxe5 17. Rfd1 g5 18. Qf1 g4 19. Be2 gxh3 20. gxh3 Rhg8 21. c4 d4 22. exd4 Rxd4 23. Nf3 Be4 24. Rxd4 Qxd4 25. Rd1 Qc3 26. Rd3 Bxd3 27. Bxd3 Rd8 28. Bf5+ Kb8 29. Qe2 Qc1+ 30. Ng1 Rg8 31. Qe5+ Ka8 32. Qh2 Qe1 33. f3 Ne8 34. h4 Nd6 35. Bh3 Rg3 36. Bf1 Nf5 37. Qe2 Qxe2 38. Bxe2 Nxh4 39. f4 f6 40. Bxh5 Rc3 41. Ne2 Rh3+ 42. Kg1 Nf3+ 43. Kg2 Rxh5 44. Kxf3 Kb8 45. Kg4 Rh2 46. Nd4 Rxa2 47. Kf5 Rf2 48. Ne6 a5 49. Kxf6 b5 50. cxb5 cxb5 51. f5 a4 52. bxa4 bxa4 53. Nd4 a3 54. Nb3 a2 55. Ke6 Rb2 56. Na1 Rb1 57. Nc2 Rc1 0-1

[Event "BAN-chT"]
[Site "Dhaka"]
[Date "2019.12.12"]
[Round "6.4"]
[White "Ahmed, Feroz"]
[Black "Samrat, Ghorai"]
[Result "1/2-1/2"]
[WhiteElo "1936"]
[BlackElo "1861"]
[PlyCount "71"]
[EventDate "2019.12.07"]
[EventType "team-tourn"]
[EventRounds "11"]
[EventCountry "BAN"]
[SourceTitle "CBM 193 Extra"]
[Source "ChessBase"]
[SourceDate "2020.01.31"]
[SourceVersion "1"]
[SourceVersionDate "2020.01.31"]
[SourceQuality "1"]
[WhiteTeam "Access"]
[BlackTeam "Janata Bank Officer Welfare"]
[WhiteTeamCountry "BAN"]
[BlackTeamCountry "BAN"]

1. c4 e5 2. g3 Nc6 3. Bg2 g6 4. e3 Bg7 5. Ne2 Nge7 6. Nbc3 d6 7. Nd5 0-0 8. d3 Be6 9. Bd2 Qd7 10. Qc2 Nc8 11. Bc3 Nd8 12. e4 f5 13. f4 Nc6 14. fxe5 dxe5 15. 0-0 Nd6 16. Rad1 Rae8 17. d4 exd4 18. Nxd4 Nxd4 19. Bxd4 Bxd4+ 20. Rxd4 Qg7 21. Rdd1 Bc8 22. exf5 Nxf5 23. g4 Nd4 24. Rxf8+ Rxf8 25. Qe4 Nc6 26. b4 Qe5 27. Qxe5 Nxe5 28. Ne7+ Kg7 29. Nxc8 Rxc8 30. c5 c6 31. h3 Rf8 32. b5 Rf7 33. a4 cxb5 34. axb5 Re7 35. Rd5 Kf6 36. Kf2 1/2-1/2

[Event "BAN Walton 1st League"]
[Site "Dhaka"]
[Date "2018.11.04"]
[Round "11.4"]
[White "Md Abzid, Rahman"]
[Black "Samrat, Ghorai"]
[Result "1-0"]
[WhiteElo "1966"]
[BlackElo "2010"]
[PlyCount "86"]
[EventDate "2018.10.25"]
[EventType "team-tourn"]
[EventRounds "11"]
[EventCountry "BAN"]
[SourceTitle "CBM 187 Extra"]
[Source "ChessBase"]
[SourceDate "2018.11.04"]
[SourceVersion "1"]
[SourceVersionDate "2018.11.04"]
[SourceQuality "1"]
[WhiteTeam "Janata Bank Officer Welfare"]
[BlackTeam "Agrani Bank Daba Dal"]
[WhiteTeamCountry "BAN"]
[BlackTeamCountry "BAN"]

1. d4 d5 2. c4 e6 3. Nc3 Nf6 4. Nf3 c6 5. e3 Nbd7 6. Qc2 dxc4 7. Bxc4 b5 8. Bd3 a6 9. 0-0 Bb7 10. a4 Qb6 11. e4 b4 12. a5 Qc7 13. e5 bxc3 14. exf6 cxb2 15. fxg7 bxa1Q 16. gxh8Q Qaxa5 17. Bh6 0-0-0 18. Bxf8 Nxf8 19. Qg7 Qh5 20. Ra1 a5 21. Qg3 Ng6 22. Rb1 c5 23. Qxc7+ Kxc7 24. Ne5 Nxe5 25. Qxc5+ Bc6 26. Qa7+ Kd6 27. Qc5+ Kc7 28. Qxa5+ Kd7 29. dxe5 Qg4 30. Bf1 Ke8 31. h3 Qe4 32. Re1 Qd4 33. Re3 Ra8 34. Qc7 Qd5 35. Rd3 Qe4 36. Rd4 Qxd4 37. Qxc6+ Ke7 38. Qb7+ Kf8 39. Qxa8+ Kg7 40. Qf3 Qxe5 41. Qg3+ Qxg3 42. fxg3 e5 43. Bd3 Kg8 1-0

[Event "Asia Cities-ch 20th"]
[Site "Bhubaneswar"]
[Date "2017.08.27"]
[Round "2.3"]
[White "Mohammad, Minhaz Uddin"]
[Black "Samrat, Ghorai"]
[Result "0-1"]
[WhiteElo "2428"]
[BlackElo "2032"]
[PlyCount "130"]
[EventDate "2017.08.26"]
[EventType "team-swiss"]
[EventRounds "9"]
[EventCountry "IND"]
[SourceTitle "CBM 180 Extra"]
[Source "ChessBase"]
[SourceDate "2017.10.06"]
[SourceVersion "1"]
[SourceVersionDate "2017.10.06"]
[SourceQuality "1"]
[WhiteTeam "Dhaka"]
[BlackTeam "Kolkata"]
[WhiteTeamCountry "BAN"]
[BlackTeamCountry "IND"]

1. e4 c5 2. Nf3 e6 3. d4 cxd4 4. Nxd4 a6 5. Be2 Nf6 6. Nc3 Qc7 7. 0-0 Bc5 8. Nb3 Be7 9. f4 d6 10. Bf3 Nc6 11. Be3 b5 12. a4 b4 13. Ne2 Bb7 14. g4 Na5 15. Nxa5 Qxa5 16. Ng3 d5 17. e5 Ne4 18. Ne2 Rc8 19. Nd4 Qc7 20. Rc1 0-0 21. g5 Bc5 22. Bg2 f5 23. Qe2 Rfe8 24. Nb3 Bxe3+ 25. Qxe3 Nc5 26. c4 Nxb3 27. Qxb3 Qc5+ 28. Rf2 dxc4 29. Bxb7 cxb3 30. Rxc5 Rxc5 31. Bxa6 Rc1+ 32. Kg2 Ra8 33. Bb5 Kf7 34. Kf3 Rc2 35. Ke3 Rxf2 36. Kxf2 Rc8 37. Ke3 Rc2 38. Kd3 Rxb2 39. Kc4 Ke7 40. Kxb4 Rxh2 41. Kxb3 Kd8 42. Bc4 Rf2 43. a5 Kc7 44. Bxe6 Rxf4 45. Kc3 Re4 46. Bxf5 Rxe5 47. Bxh7 Rxa5 48. g6 Ra8 49. Kd4 Kd6 50. Ke4 Ke6 51. Kf4 Kf6 52. Kg4 Ra4+ 53. Kg3 Kg5 54. Kf3 Ra3+ 55. Kf2 Rb3 56. Ke2 Rh3 57. Kf2 Kf4 58. Kg2 Rh6 59. Kf2 Rh2+ 60. Kg1 Rb2 61. Kf1 Kg5 62. Kg1 Rb6 63. Kg2 Rxg6 64. Kf3 Rf6+ 65. Ke3 Ra6 0-1

[Event "Sitges op-B 43rd"]
[Site "Sitges"]
[Date "2017.07.26"]
[Round "5.1"]
[White "Maugenest, Matthieu"]
[Black "Samrat, Ghorai"]
[Result "0-1"]
[WhiteElo "1767"]
[BlackElo "1938"]
[PlyCount "66"]
[EventDate "2017.07.22"]
[EventType "swiss"]
[EventRounds "9"]
[EventCountry "ESP"]
[SourceTitle "EXT 2024"]
[Source "ChessBase"]
[SourceDate "2023.10.10"]
[SourceVersion "1"]
[SourceVersionDate "2023.10.10"]
[SourceQuality "1"]

1. d4 d5 2. Nf3 e6 3. c4 Nf6 4. g3 Be7 5. Bg2 0-0 6. 0-0 b6 7. Nc3 Bb7 8. Ne5 c6 9. Qc2 Nbd7 10. e4 Rc8 11. Nxd7 Qxd7 12. e5 Ne8 13. cxd5 cxd5 14. f4 f5 15. Bf3 b5 16. Qg2 b4 17. Nd1 Ba6 18. Rf2 Bd3 19. Qh3 Be4 20. Be2 Bd8 21. g4 Bb6 22. Be3 a5 23. gxf5 exf5 24. Bf3 Rc6 25. Rd2 Rg6+ 26. Kh1 Rh6 27. Qf1 Nc7 28. Bxe4 fxe4 29. Rg2 Qf5 30. Rg5 Qxg5 31. fxg5 Rxf1+ 32. Kg2 Rxd1 33. Rxd1 Rc6 0-1

[Event "IND-ch U11 20th"]
[Site "Chennai"]
[Date "2006.11.07"]
[Round "5"]
[White "Gagare, Shardul"]
[Black "Samrat, Ghorai"]
[Result "1-0"]
[WhiteElo "1915"]
[BlackElo "1983"]
[PlyCount "95"]
[EventDate "2006.11.04"]
[EventType "swiss"]
[EventRounds "11"]
[EventCountry "IND"]
[SourceTitle "EXT 2010"]
[Source "ChessBase"]
[SourceDate "2010.11.25"]
[SourceVersion "1"]
[SourceVersionDate "2010.11.25"]
[SourceQuality "1"]

1. c4 e5 2. Nc3 Nc6 3. Nf3 g6 4. g3 Bg7 5. Bg2 d6 6. 0-0 Be6 7. d3 h6 8. Rb1 f5 9. Nd2 Qd7 10. Nd5 Nge7 11. b4 0-0 12. b5 Nd8 13. a4 c6 14. Nxe7+ Qxe7 15. bxc6 bxc6 16. Ba3 Qd7 17. Qc2 f4 18. Ne4 Nf7 19. Rb3 g5 20. Rfb1 g4 21. Rb7 Qd8 22. Qd2 h5 23. Qb4 d5 24. cxd5 Bxd5 25. Qc5 Bxe4 26. Bxe4 Ng5 27. Rxg7+ Kxg7 28. Qxe5+ Qf6 29. Bxf8+ Rxf8 30. Rb7+ Kg8 31. gxf4 Nh3+ 32. Kf1 Qxe5 33. fxe5 Nxf2 34. Bh7+ Kh8 35. Ke1 h4 36. e6 g3 37. hxg3 hxg3 38. Bf5 Rxf5 39. e7 Re5 40. Rb8+ Kg7 41. e8Q Nxd3+ 42. Kf1 Rxe8 43. Rxe8 Nf4 44. Re7+ Kf6 45. Rxa7 g2+ 46. Kf2 Nxe2 47. Kxg2 Ke5 48. Re7+ 1-0